<?xml version="1.0" encoding="UTF-8"?>
<record
    xmlns:xsi="http://www.w3.org/2001/XMLSchema-instance"
    xsi:schemaLocation="http://www.loc.gov/MARC21/slim http://www.loc.gov/standards/marcxml/schema/MARC21slim.xsd"
    xmlns="http://www.loc.gov/MARC21/slim">

  <leader>01496nam a22002057a 4500</leader>
  <controlfield tag="005">20260123110418.0</controlfield>
  <controlfield tag="008">240722b           ||||| |||| 00| 0 eng d</controlfield>
  <datafield tag="020" ind1=" " ind2=" ">
    <subfield code="a">9780143426585</subfield>
  </datafield>
  <datafield tag="040" ind1=" " ind2=" ">
    <subfield code="c">AL</subfield>
  </datafield>
  <datafield tag="041" ind1=" " ind2=" ">
    <subfield code="a">English</subfield>
  </datafield>
  <datafield tag="082" ind1=" " ind2=" ">
    <subfield code="2">23</subfield>
    <subfield code="a">820.33</subfield>
    <subfield code="b">DATB</subfield>
  </datafield>
  <datafield tag="100" ind1=" " ind2=" ">
    <subfield code="a">Durjoy Datta</subfield>
    <subfield code="9">252341</subfield>
  </datafield>
  <datafield tag="245" ind1=" " ind2=" ">
    <subfield code="a">Boy with a Broken Heart</subfield>
  </datafield>
  <datafield tag="260" ind1=" " ind2=" ">
    <subfield code="a">Mumbai</subfield>
    <subfield code="b">Penguin</subfield>
    <subfield code="c">2017</subfield>
  </datafield>
  <datafield tag="300" ind1=" " ind2=" ">
    <subfield code="a">327p</subfield>
    <subfield code="b">PB</subfield>
    <subfield code="c">19.7x13cm</subfield>
  </datafield>
  <datafield tag="365" ind1=" " ind2=" ">
    <subfield code="a">2488</subfield>
    <subfield code="b">&#x20B9;176.00</subfield>
    <subfield code="c">&#x20B9;</subfield>
    <subfield code="d">&#x20B9;220.00</subfield>
    <subfield code="e">20%</subfield>
    <subfield code="f">17-07-2024</subfield>
  </datafield>
  <datafield tag="520" ind1=" " ind2=" ">
    <subfield code="a">&#x2018;You&#x2019;re asking me to hold your hand. And now you&#x2019;re turning away from me. You are saying something but I can&#x2019;t hear you. It&#x2019;s too windy. You&#x2019;re crying now. Now you&#x2019;re smiling. I&#x2019;m done. I love you . . .&#x2019;

It&#x2019;s been two years since Raghu left his first love, Brahmi, on the edge of the roof one fateful night. He couldn&#x2019;t save her; he couldn&#x2019;t be with her. Having lost everything, Raghu now wants to stay hidden from the world.
However, the annoyingly persistent Advaita finds his elusiveness very attractive. And the more he ignores her, the more she&#x2019;s drawn to him till she bulldozes her way into an unlikely friendship.
What attracts at first, begins to grate. Advaita can&#x2019;t help but want to know what Raghu has left behind, what he&#x2019;s hiding, and who broke his heart. She wants to love him back to life, but for that she needs to know what wrecked him in the first place.
After all, the antidote to heartache is love.</subfield>
  </datafield>
  <datafield tag="650" ind1=" " ind2=" ">
    <subfield code="a">English Fiction</subfield>
    <subfield code="9">173860</subfield>
  </datafield>
  <datafield tag="942" ind1=" " ind2=" ">
    <subfield code="2">ddc</subfield>
    <subfield code="c">BK</subfield>
  </datafield>
  <datafield tag="999" ind1=" " ind2=" ">
    <subfield code="c">231484</subfield>
    <subfield code="d">231484</subfield>
  </datafield>
  <datafield tag="952" ind1=" " ind2=" ">
    <subfield code="0">0</subfield>
    <subfield code="1">0</subfield>
    <subfield code="2">ddc</subfield>
    <subfield code="4">0</subfield>
    <subfield code="7">0</subfield>
    <subfield code="8">PSY</subfield>
    <subfield code="a">AL</subfield>
    <subfield code="b">AL</subfield>
    <subfield code="d">2024-07-22</subfield>
    <subfield code="e">Biblios Book Point Surathkal Mangalore 575014</subfield>
    <subfield code="g">176.00</subfield>
    <subfield code="l">6</subfield>
    <subfield code="o">820.33 DATB</subfield>
    <subfield code="p">077251</subfield>
    <subfield code="r">2025-12-16 11:06:55</subfield>
    <subfield code="s">2025-12-09</subfield>
    <subfield code="v">220.00</subfield>
    <subfield code="w">2024-07-17</subfield>
    <subfield code="y">BK</subfield>
  </datafield>
</record>
